| 000 | 00624cam a2200205 4500 | ||
|---|---|---|---|
| 001 | sa 68013849 | ||
| 003 | DLC | ||
| 005 | 20260227112626.0 | ||
| 008 | 691209s1968 ii a b 00110 eng | ||
| 010 | _asa 68013849 //r86 | ||
| 025 | _aPL480:I-E-10924 | ||
| 050 | 0 |
_aSB931 _b.C524 1968 |
|
| 082 | _a632/.7 | ||
| 100 | 1 | 0 |
_aChandra, Jagat Pal Singh, _d1927- |
| 245 | 1 | 0 |
_aInsecticides and pest control, _cby J. P. Singh 'Chandra'. |
| 260 | 0 |
_aBombay, _bCurrent Book House _c[1968] |
|
| 300 |
_avii, 245 p. _billus. _c22 cm. |
||
| 504 | _a"Select bibliography in entomology": p. 240-242. | ||
| 650 | 0 |
_aInsect pests _xControl. |
|
| 999 |
_c85398 _d85398 |
||